Statistics for Countries of the World with an Empty Map - 1 Minute Sprint

Click here to take the quiz!

General Stats

  • This quiz has been taken 106 times
  • The average score is 33 of 196

Answers on the Map

Answers color-coded by a green-red scale on the quiz's map according to % correct below.
 

Answer Stats

Country% Correct
United States
90%
Canada
82%
Russia
73%
United Kingdom
73%
China
70%
Mexico
65%
Brazil
58%
France
58%
India
50%
Spain
50%
Australia
48%
Germany
45%
Argentina
43%
Italy
43%
Japan
43%
Chile
42%
Ukraine
42%
Ireland
40%
Norway
40%
Dem. Rep. of the Congo
37%
Peru
37%
Sweden
37%
Finland
35%
Mongolia
35%
Colombia
32%
Indonesia
32%
Poland
32%
Republic of the Congo
32%
Algeria
28%
Chad
28%
Cuba
28%
Denmark
28%
Iceland
28%
Kazakhstan
28%
Mali
28%
Portugal
28%
United Arab Emirates
28%
Iran
27%
Niger
27%
Bolivia
25%
Egypt
25%
Nigeria
25%
Austria
23%
Belarus
23%
Iraq
23%
New Zealand
23%
Sudan
23%
Uruguay
23%
Latvia
22%
Libya
22%
Oman
22%
Papua New Guinea
22%
Paraguay
22%
Saudi Arabia
22%
Venezuela
22%
Belgium
20%
Estonia
20%
Laos
20%
Malta
20%
South Korea
20%
Greece
18%
Lithuania
18%
Netherlands
18%
South Africa
18%
Togo
18%
Yemen
18%
Central African Republic
17%
Haiti
17%
Nepal
17%
Pakistan
17%
Panama
17%
Thailand
17%
Vietnam
17%
Albania
15%
Angola
15%
Benin
15%
Guatemala
15%
Hungary
15%
Jamaica
15%
Kenya
15%
Malaysia
15%
North Korea
15%
Slovakia
15%
Turkey
15%
Czech Republic
13%
Dominica
13%
Dominican Republic
13%
Monaco
13%
Morocco
13%
Andorra
12%
Bahamas
12%
Ecuador
12%
Qatar
12%
Romania
12%
Singapore
12%
Somalia
12%
Switzerland
12%
Syria
12%
Trinidad and Tobago
12%
Vatican City
12%
Belize
10%
Bhutan
10%
Cambodia
10%
Ethiopia
10%
Fiji
10%
Kosovo
10%
Kuwait
10%
Lesotho
10%
Luxembourg
10%
Myanmar
10%
Nicaragua
10%
Philippines
10%
Slovenia
10%
Suriname
10%
Antigua and Barbuda
8%
Bangladesh
8%
Barbados
8%
Bulgaria
8%
Costa Rica
8%
Croatia
8%
Cyprus
8%
Ghana
8%
Guyana
8%
Liechtenstein
8%
Malawi
8%
Mauritania
8%
Moldova
8%
Namibia
8%
Nauru
8%
Samoa
8%
St. Kitts and Nevis
8%
St. Lucia
8%
St. Vincent and Grenadines
8%
Taiwan
8%
Tonga
8%
Turkmenistan
8%
Uganda
8%
Afghanistan
7%
Armenia
7%
Bahrain
7%
Brunei
7%
Gabon
7%
Grenada
7%
Honduras
7%
Israel
7%
Kyrgyzstan
7%
Liberia
7%
Rwanda
7%
San Marino
7%
Senegal
7%
Serbia
7%
South Sudan
7%
Tanzania
7%
Tunisia
7%
Tuvalu
7%
Azerbaijan
5%
Bosnia and Herzegovina
5%
Botswana
5%
Burundi
5%
Cameroon
5%
El Salvador
5%
Eritrea
5%
Eswatini
5%
Gambia
5%
Guinea
5%
Jordan
5%
Kiribati
5%
Maldives
5%
Montenegro
5%
North Macedonia
5%
Sri Lanka
5%
Tajikistan
5%
Uzbekistan
5%
Zambia
5%
Zimbabwe
5%
Comoros
3%
Djibouti
3%
East Timor
3%
Fed. States of Micronesia
3%
Georgia
3%
Lebanon
3%
Madagascar
3%
Mauritius
3%
Mozambique
3%
Palau
3%
Vanuatu
3%
Cape Verde
2%
Equatorial Guinea
2%
Guinea Bissau
2%
Ivory Coast
2%
Marshall Islands
2%
São Tomé and Príncipe
2%
Seychelles
2%
Sierra Leone
2%
Burkina Faso
0%
Solomon Islands
0%

Score Distribution

Percentile by Number Answered

Percent of People with Each Score

Your Score History

You have not taken this quiz